00865 2200325 4500001002100000005001500021035002000036007000300056040001700059100002900076245003300105300003100138020002200169041000800191082001000199084001600209090002000225264003400245336002100279337003000300338002300330850001000353008004100363250001000404260003100414650001900445990002500464990002500489990002500514INLIS00000000000978620260413014533 a0010-0123000113ta aSBPUPADbind0 aNayna Maryam:ePengarang1 aSalam Tempel /cNayna Maryam a120 hlm. :bilus. ;c16 cm a978-602-250-188-6 aind a371.1 a371.1 NAY s a297.2 MUH m 4-2 aJakarta :bGema Insani,c2014 2rdacontentaTeks 2rdamediaatanpa perantara 2rdacarrieravolume aPUPAD260413 0  aCet.1 aBandung :bErlangga,c2018 4aBuku Anak Anak a32.461/APBD/DPK/2019 a32.462/APBD/DPK/2019 a32.460/APBD/DPK/2019